000 00568nam a2200181 i 4500
001 21276
003 ES-MaACL
005 20230906152442.0
007 t|
008 021122s1966 sp ||||1| spa d
100 1 _aAdams, D. M.
_918381
245 1 0 _aQuímica inorgánica
_b: práctica avanzada /
_cD.M. Adams, J.B. Raynor ; [versión, José Masaguer].
260 _aBarcelona, etc. :
_bReverté,
_c1966.
300 _a3 h., 180 p. :
_bil. ;
_c22 cm.
700 1 _aRaynor, J. B.
_995654
700 1 _aMasaguer, José.
_978661
852 _aES-MaACL
_jC-31239
_bR.61489
999 _c21276
_d21276